000 00540nam a2200217Ia 4500
003 OSt
005 20220928142943.0
006 a|||||r|||| 00| 0
007 ta
008 220927b |||||||| |||| 00| 0 eng d
024 _a20269
037 _cTextual
040 _aSDCL
_cSDCL
_beng
041 _2eng
_aeng
082 _aX:89K33, M1
100 _aNewton Kenneth Ed.
_9504001
245 0 _aUrban political economy
260 _c1981
942 _hX:89K33, M1
_cTEXL
_2CC
999 _c822405
_d822405